EUDORA Light version 1.5.2 : user manual

Bibliographic Details
Format: Book
Published: (s.d. : QUALCOMM Incorporated) , 1996
Subjects:

MARC

LEADER 00000cam a2200000 7i4500
001 0000001847
005 20020218.0
090 0 0 |a 005.713692   |b EUD 1996 
245 0 0 |a EUDORA Light version 1.5.2 :   |b user manual 
260 0 0 |a (s.d. :   |b QUALCOMM Incorporated) ,   |c 1996 
300 |a xiv, 128 p. :   |b ill. ;   |c 30 cm. 
500 0 0 |a Includes index 
650 0 0 |a Electronic mail systems   |x Handbooks, manuals, etc. 
650 0 0 |a Eudora (Computer file)   |x Handbooks, manuals, etc. 
650 0 0 |a Internet   |x Handbooks, manuals, etc. 
998 |a JPSM 
999 |a 0000000706   |b Monograph   |c Open Shelf   |e Default branch 
999 |a 0000000707   |b Monograph   |c Open Shelf   |e Default branch 
999 |a 0000002750   |b Monograph   |c Open Shelf   |e Default branch